| 000 | 00493nam a2200181Ia 4500 | ||
|---|---|---|---|
| 008 | 180207s9999 xx 000 0 und d | ||
| 020 | _a9787770192128 | ||
| 050 | _bS958 1995 | ||
| 100 | _aSunico, Ramon | ||
| 245 | 4 | _aThe crane : | |
| 245 | _ba story from Japan / | ||
| 245 | _cretold by Ramon Sunico ; illustrated by Albert Gamos. | ||
| 260 | _aManila, Philippines : | ||
| 260 | _bAnvil Publishing, Inc., | ||
| 260 | _c1995 | ||
| 300 | _aunpaged : | ||
| 300 | _bcolor illustration ; | ||
| 999 |
_c355224 _d355224 |
||